000
00276 a2200133 4500
000
nam a22 7a 4500
100
_a
byrne
110
_a
byrne
245
_a
Molecular Biology
250
_a
latest
260
_b
cell pub
_c
2026
264
_b
cell pub
_c
2026
942
_c
BK
999
_c
394901
_d
394901